Statistiques concernant Elsa - T'en va pas (paroles)

Cliquez ici pour prendre le quiz!

Statistiques générales

  • Ce quiz a été pris 150 fois
  • Le résultat moyen est 310 sur 352

Statistiques - réponses

Paroles% Correct
va
100%
pas
99%
T'en
99%
t'en
99%
tu
99%
Tu
99%
es
97%
est
97%
Si
97%
si
97%
à
96%
fais
96%
la
96%
Comme
95%
Il
95%
me
95%
moi
95%
ne
95%
Nuit
95%
Nuit,
95%
nuit
95%
part
95%
parti
95%
peu
95%
peur
95%
sans
95%
s'en
95%
un
95%
voleur
95%
de
94%
n'en
94%
On
94%
on
94%
vie
94%
vie,
94%
au
93%
Papa,
93%
Papa
93%
ta
93%
finis
92%
ciné
91%
femme
91%
l'aimes
91%
l'aimes,
91%
Qu'elle
89%
les
88%
tous
87%
plus
86%
toi
85%
trois
85%
bout
84%
dis-lui
82%
vivre
81%
pensais
79%
n'ira
76%
vas
76%
peut
75%
Quand
71%
je
70%
70%
conneries
66%
en
65%
aux
62%
Avec
59%
jamais
59%
pleine
59%
USA
57%
cinéma
55%
J'arrive
54%
d'ici ?
52%
m'emmèneras
51%
ton
49%
cinéma
47%
jour
47%
arrête
45%
reviendras
45%
s'aime,
45%
finit
43%
suis
42%
qu'un
41%
sûre
36%
qui
29%
t'assure
23%
m'amèneras
12%

Distribution des résultats

Percentile par nombre de réponses

% des personnes avec chaque résultat

Votre développement - résultats

Vous n’avez pas pris ce quiz